Radiohead Lyrics - No Hints #6 - Statistics

General Stats
  • This quiz has been taken 226 times
  • The average score is 83 of 235
Answer Stats
Answer % Correct
i
96%
a
93%
you
85%
the
78%
and
66%
no
64%
to
56%
it
54%
your
52%
is
50%
are
49%
me
48%
on
47%
down
44%
just
44%
my
44%
not
42%
there
42%
they
40%
so
38%
as
36%
can
36%
she
36%
take
32%
into
31%
falling
30%
place
30%
jigsaw
29%
this
29%
all
28%
hand
28%
back
27%
like
27%
you're
26%
arrive
25%
drinks
25%
let
25%
look
25%
number
25%
play
25%
that
25%
write
24%
come
23%
song
23%
up
23%
favorite
22%
nothing
22%
got
21%
out
21%
before
20%
explain
19%
eye
19%
night
19%
one
19%
too
19%
each
18%
from
18%
had
18%
day
17%
again
16%
animal
16%
away
16%
beat
16%
disappears
16%
other
16%
run
16%
bad
15%
pass
15%
cat
14%
dance
14%
feel
14%
grin
14%
much
14%
noises
14%
once
14%
looks
13%
goes
12%
longer
12%
mission
12%
twice
12%
walls
12%
you've
12%
Cheshire
11%
focus
11%
lost
11%
owl
11%
'round
11%
wish
11%
wound
11%
bending
10%
between
10%
blurring
10%
light
10%
never
10%
notes
10%
shape
10%
spring
10%
comatose
9%
really
9%
mic
8%
nightmare
7%
shotguns
6%
they've
6%
words
6%
blunt
5%
pretended
5%
instruments
4%
sawn-off
4%
No matching quizzes found
Score Distribution
Percent of People with Each Score
Percentile by Number Answered
Your Score History
You have not taken this quiz